| 000 | 00843cam a2200253 i 4500 | ||
|---|---|---|---|
| 001 | 000014367 | ||
| 005 | 20200929163607.0 | ||
| 008 | 801007s1977 ve a b 000 0 spa | ||
| 010 | _a80124725 | ||
| 040 |
_aDO-SdBNP _cDLC _dDLC |
||
| 043 | _as-ve--- | ||
| 050 | 0 | 0 |
_aF2325.P26 _bV44 1977 |
| 100 | 1 |
_aVelasquez, Ramon J. _96716 |
|
| 245 | 1 | 3 |
_aLa caida del liberalismo amarillo : _btiempo y drama de Antonio Paredes / _cRamon J. Velasquez. |
| 250 | _a3. ed. | ||
| 260 |
_aCaracas : _b[s.n.], _c1977. |
||
| 300 |
_axxvii, 380 p. : _bill. ; _c22 cm. |
||
| 490 | 0 | _aBiblioteca de autores y temas tachirenses ; 76 | |
| 504 | _aBibliography: p. 375-380. | ||
| 600 | 1 | 0 |
_aParedes, Antonio, _d1869-1907. _932442 |
| 651 | 0 |
_aVenezuela _xHistory _y1830-1935. _932443 |
|
| 600 | 1 | 0 |
_aCastro, Cipriano, _d1856?-1924. _932444 |
| 082 | 0 | 0 |
_a987/.06/0924 _219 |
| 999 |
_c13959 _d13959 |
||